|
|
|
|
| LEADER |
00760nam a22001697a 4500 |
| 008 |
160220b xxu||||| |||| 00| 0 eng d |
| 020 |
|
|
|a 9788121206129
|
| 082 |
|
|
|a 001.10954 PAT
|
| 100 |
|
|
|a Pathak, Avjit
|
| 245 |
|
|
|a Indian modernity :
|b contradictions, paradoxes and possibilities /
|c Avjit Pathak
|
| 260 |
|
|
|a New Delhi :
|b Gyan Publishing House,
|
| 300 |
|
|
|a 2013.
|
| 650 |
|
|
|a Sociology
|
| 942 |
|
|
|2 ddc
|c BK
|
| 999 |
|
|
|c 14014
|d 14014
|
| 952 |
|
|
|0 0
|1 0
|2 ddc
|4 0
|6 001_109540000000000_PAT
|7 0
|9 20006
|a MAIN
|b MAIN
|d 2016-02-20
|e Current Books
|g 730.00
|o 001.10954 PAT
|p 20086
|r 2016-02-20
|w 2016-02-20
|y BK
|
| 952 |
|
|
|0 0
|1 0
|2 ddc
|4 0
|6 001_109540000000000_PAT
|7 0
|9 20007
|a MAIN
|b MAIN
|d 2016-02-20
|e Current Books
|g 730.00
|l 2
|m 1
|o 001.10954 PAT
|p 20087
|r 2018-07-19
|s 2018-07-03
|w 2016-02-20
|y BK
|